Minority rights in Europe : (Record no. 971)

MARC details
000 -LEADER
fixed length control field 02330cam a2200589Ia 4500
001 - CONTROL NUMBER
control field ocm55664994
003 - CONTROL NUMBER IDENTIFIER
control field OCoLC
005 - DATE AND TIME OF LATEST TRANSACTION
control field 20100830050517.0
008 - FIXED-LENGTH DATA ELEMENTS--GENERAL INFORMATION
fixed length control field 040617s2004 fr b 000 0 eng d
040 ## - CATALOGING SOURCE
Original cataloging agency EUE
Transcribing agency EUE
Modifying agency ZYF
-- ORU
-- MUQ
-- BAKER
-- NLGGC
-- YDXCP
-- BTCTA
-- UQ1
020 ## - INTERNATIONAL STANDARD BOOK NUMBER
International Standard Book Number 9287153663
020 ## - INTERNATIONAL STANDARD BOOK NUMBER
International Standard Book Number 9789287153661
029 1# - (OCLC)
OCLC library identifier NLGGC
System control number 26462761X
029 1# - (OCLC)
OCLC library identifier YDXCP
System control number 2129474
029 1# - (OCLC)
OCLC library identifier UNITY
System control number 109102312
029 1# - (OCLC)
OCLC library identifier BIRCL
System control number 9287153663
029 1# - (OCLC)
OCLC library identifier UKBDF
System control number 9287153663
029 1# - (OCLC)
OCLC library identifier UKDON
System control number 9287153663
035 ## - SYSTEM CONTROL NUMBER
System control number (OCoLC)55664994
043 ## - GEOGRAPHIC AREA CODE
Geographic area code e------
050 #4 - LIBRARY OF CONGRESS CALL NUMBER
Classification number KJC5144.M56
Item number T56 2004
084 ## - OTHER CLASSIFICATION NUMBER
Classification number 86.52
Source of number bcl
049 ## - LOCAL HOLDINGS (OCLC)
Holding library SZTA
100 1# - MAIN ENTRY--PERSONAL NAME
Personal name Thornberry, Patrick.
245 10 - TITLE STATEMENT
Title Minority rights in Europe :
Remainder of title a review of the work and standards of the Council of Europe /
Statement of responsibility, etc Patrick Thornberry and María Amor Martín Este͡banez.
260 ## - PUBLICATION, DISTRIBUTION, ETC. (IMPRINT)
Place of publication, distribution, etc Strasbourg :
Name of publisher, distributor, etc Council of Europe Pub. ;
Place of publication, distribution, etc Croton-on-Hudson, NY :
Name of publisher, distributor, etc Manhattan Pub. Co. [distributor],
Date of publication, distribution, etc c2004.
300 ## - PHYSICAL DESCRIPTION
Extent 682 p. ;
Dimensions 25 cm.
504 ## - BIBLIOGRAPHY, ETC. NOTE
Bibliography, etc Includes bibliographical references (p. 671-678).
650 #0 - SUBJECT ADDED ENTRY--TOPICAL TERM
Topical term or geographic name as entry element Minorities
General subdivision Civil rights
Geographic subdivision Europe.
650 #0 - SUBJECT ADDED ENTRY--TOPICAL TERM
Topical term or geographic name as entry element Minorities
General subdivision Legal status, laws, etc.
Geographic subdivision Europe.
651 #0 - SUBJECT ADDED ENTRY--GEOGRAPHIC NAME
Geographic name Europe
General subdivision Ethnic relations.
610 20 - SUBJECT ADDED ENTRY--CORPORATE NAME
Corporate name or jurisdiction name as entry element Council of Europe.
610 26 - SUBJECT ADDED ENTRY--CORPORATE NAME
Corporate name or jurisdiction name as entry element Conseil de l'Europe.
650 #6 - SUBJECT ADDED ENTRY--TOPICAL TERM
Topical term or geographic name as entry element Minorités
General subdivision Droits
Geographic subdivision Europe.
650 #6 - SUBJECT ADDED ENTRY--TOPICAL TERM
Topical term or geographic name as entry element Minorités
General subdivision Droit
Geographic subdivision Europe.
651 #6 - SUBJECT ADDED ENTRY--GEOGRAPHIC NAME
Geographic name Europe
General subdivision Relations interethniques.
650 17 - SUBJECT ADDED ENTRY--TOPICAL TERM
Topical term or geographic name as entry element Minderheden.
Source of heading or term gtt
650 17 - SUBJECT ADDED ENTRY--TOPICAL TERM
Topical term or geographic name as entry element Grondrechten.
Source of heading or term gtt
650 17 - SUBJECT ADDED ENTRY--TOPICAL TERM
Topical term or geographic name as entry element Raad van Europa.
Source of heading or term gtt
610 27 - SUBJECT ADDED ENTRY--CORPORATE NAME
Corporate name or jurisdiction name as entry element Conseil de l'Europe
Source of heading or term rasuqam
650 #7 - SUBJECT ADDED ENTRY--TOPICAL TERM
Topical term or geographic name as entry element Droits de l'homme
Source of heading or term rasuqam
650 17 - SUBJECT ADDED ENTRY--TOPICAL TERM
Topical term or geographic name as entry element Droits des minorités
Source of heading or term rasuqam
651 #7 - SUBJECT ADDED ENTRY--GEOGRAPHIC NAME
Geographic name Europe
Source of heading or term rasuqam
700 1# - ADDED ENTRY--PERSONAL NAME
Personal name Martín Estébanez, María Amor.
710 2# - ADDED ENTRY--CORPORATE NAME
Corporate name or jurisdiction name as entry element Council of Europe.
776 08 - ADDITIONAL PHYSICAL FORM ENTRY
Display text Online version:
Main entry heading Thornberry, Patrick.
Title Minority rights in Europe.
Place, publisher, and date of publication Strasbourg : Council of Europe Pub. ; Croton-on-Hudson, NY : Manhattan Pub. Co. [distributor], c2004
Record control number (OCoLC)636342116
938 ## -
-- Baker & Taylor
-- BKTY
-- 80.00
-- 80.00
-- 9287153663
-- 0006068056
-- active
938 ## -
-- YBP Library Services
-- YANK
-- 2129474
938 ## -
-- Baker and Taylor
-- BTCP
-- BK0006068056
994 ## -
-- C0
-- SZT
Holdings
Home library Current library Shelving location Date acquired Full call number Barcode Koha item type
African Court on Human and Peoples' Rights Library African Court on Human and Peoples' Rights Library   30/08/2010 KJC5144.M56 T56 10004912 Books

African Court on Human and Peoples' Rights | For Inquiries Contact » +255 272 510 510